|
|
|
|
| LEADER |
00000naa0a2200000 4500 |
| 001 |
590773 |
| 005 |
20250623114705.0 |
| 035 |
|
|
|a (RuTPU)RU\TPU\tpu\199
|
| 035 |
|
|
|a TPU00000199
|
| 090 |
|
|
|a 590773
|
| 100 |
|
|
|a 20011210d1967 k||y0rusy50 ca
|
| 101 |
0 |
|
|a rus
|
| 102 |
|
|
|a RU
|
| 200 |
1 |
|
|a О комплексах окружностей в евклидовом пространстве
|f М. Р. Вайнтруб
|
| 463 |
|
1 |
|t Двадцать пятая научно-педагогическая конференция математических кафедр педвузов уральской зоны
|o Тезисы докладов и сообщений
|v С. 41-42
|d 1967
|
| 610 |
1 |
|
|a математика
|
| 610 |
1 |
|
|a труды учёных ТПУ
|
| 700 |
|
1 |
|a Вайнтруб
|b М. Р.
|
| 801 |
|
0 |
|a RU
|b 63413507
|c 20011210
|g PSBO
|
| 801 |
|
2 |
|a RU
|b 63413507
|c 20050504
|g PSBO
|
| 850 |
|
|
|a 63413507
|
| 942 |
|
|
|c BK
|